01103nam a2200277Ia 4500001001100000003000500011008004100016010001100057040000900068090002200077100003800099245016200137260003400299300002200333502010500355700004800460710005800508901002200566902000600588905006300594910000900657942000900666942001200675999001900687952011900706Para_10095CHAP220125sMayo xx 000 0 und d a208786 cCHAP aPA CD - TESIS 174 aArellano Peredo, Mónica9175134 aIdentificación del Carbón de la Cebolla en San Pablo Actipan, Tepeaca, Puebla, México /c Mónica Arellano Peredo; Director Santos Gerardo Leyva Mir. aChapingo, Méx. :b el autor a1 CDS ROM (42 p.) aTesis (Ing. Agr. Esp. en Parasitología Agrícola). UACh. Departamento Parasitología Agrícola aLeyva Mir, Santos Gerardo. Director9171335 aUACh. Departamento Parasitología Agrícola9164025 aPA CD - TESIS 174 aM a513220Mayo, 2012 ab 8100000000 06 aMayo cPARA cPARAd2 c208786d208786 00102local4051708TESISaPAbPAc10d2015-01-13fPARAl0pPA_010249r2022-01-25 00:00:00t1w2022-01-25yTDz3